000 00325nam a22001337a 4500
003 OSt
008 201120b ||||| |||| 00| 0 eng d
100 _aDATE, C.J. etc
245 _aIntroduction to Database Systems
260 _aNew Delhi
_bS.Chand
_c2013
300 _a931
650 _aB.Sc Computer Science
942 _2ddc
_cBK
999 _c9289
_d9289